000 00441nab a2200145Ia 4500
003 ES-SlBCS
005 20210601124316.0
008 140529s1986 xxu||||| |||| 00| 0 eng d
041 _aeng
100 1 _aSherman, Robert R.
_9139509
245 0 0 _aDare the School Build a New Social Order - Again?
_c Robert R. Sherman
650 0 4 _aEscuela
_9131104
773 0 _tEducational Theory
_gvol. 36, nº. 1, 1986, págs. 87-92
_wRev1399
942 _cAR
999 _c512687
_d512687